000 00678nam a2200205Ia 4500
001 7544
003 GE_BSU
008 181216s||||||||xx |||||||||||||| ||und||
040 _cGE_BSU
245 _aკარიბჭე.№15(231).2013.
245 _bმართლმადიდებლური ჟურნალი.
245 _cმთ.რედ:თამარ მამაცაშვილი და სხვა.
260 _aთბილისი.
260 _bკარიბჭე.
260 _c2013-18-31 ილისი.
300 _a78გვ;29სმ.
653 _aპერიოდიკა
653 _aპერიოდიკა
942 _cCR
999 _c40900
_d40900